000 00604nam a2200181Ia 4500
008 151018s9999 xx 000 0 und d
082 _bRBASDV19223
_a891.464
100 _aवा शि आपटे
245 _aप्रश्न शिष्ठाचाराचे
250 _b1
260 _bवरदा बुक्स
_c1981
300 _a100
600 _aवा शि आपटे
630 _aप्रश्न शिष्ठाचाराचे
700 _aवा शि आपटे
730 _aप्रश्न शिष्ठाचाराचे
942 _cBOOK
999 _c1019863
_d1019860